| 000 | 01054nas a2200337 4500 | ||
|---|---|---|---|
| 001 | BR2015003885 | ||
| 003 | BR-BrBNA | ||
| 005 | 20231205125520.0 | ||
| 007 | ta | ||
| 008 | 230509b bl.|||p| |||| 00| 00por d | ||
| 040 |
_aBR-BrBNA _bpor _cBiblioteca Nacional de Agricultura |
||
| 041 | _a(En) | ||
| 072 | _aF60 | ||
| 100 | 1 | _aBastos, E.A. | |
| 100 | 1 | _aSilva, C.R. | |
| 100 | 1 | _aRodrigues, B.H.N. | |
| 100 | 1 | _aAndrade Junior, A.S. | |
| 100 | 1 | _aIbiapina, L.M.M. | |
| 245 | 1 | _aEvapotranspiration and crop coefficient of drip irrigated watermelon in Piaui coastline, Brazil | |
| 650 | _aMELANCIA | ||
| 650 | _aCITRULLUS LANATUS | ||
| 650 | _aLISIMETRO | ||
| 650 | _aINSTRUMENTO DE MEDIDA | ||
| 650 | _aEVAPOTRANSPIRACAO | ||
| 650 | _aIRRIGACAO POR GOTEJAMENTO | ||
| 650 | _aLEVANTAMENTO | ||
| 773 | 0 |
_tEngenharia Agrícola (Brazil) _xISSN 1809-4430 _g(May-Jun 2012), v. 32(3) p. 582-590 _wBR2015003885 |
|
| 856 | 4 | 0 | _uhttp://www.scielo.br/pdf/eagri/v32n3/17.pdf |
| 909 |
_a202311 _bLúcia _c55 _dLúcia Elande |
||
| 942 |
_2AGRIS _n0 _cANA |
||
| 999 |
_c244738 _d244738 |
||